My Favorite Movies - Statistics

General Stats
  • This quiz has been taken 17 times
    8 since last reset
  • The average score is 76 of 171
Answer Stats
Actor/Actress Year Director Answer % Correct
Zooey Deschanel 2009 Marc Webb 500 days of Summer
100%
Eminem 2002 Curtis Hanson 8 Mile
100%
Sigourney Weaver 1979 Ridley Scott Alien
100%
Sigourney Weaver 1986 James Cameron Aliens
100%
Emily Blunt 2018 Jhon Krasinski A quiet place
100%
Chris Evans 2016 Russo Brothers Civil War
100%
Jamie Foxx 2012 Quentin Tarantino Django Unchained
100%
Edward Norton 1999 David Fincher Fight Club
100%
Matt Damon 1997 Gus Van Sant Good Will Hunting
100%
Chris Pratt 2014 James Gunn Guardians of the Galaxy
100%
Andrew Garfield 2016 Mel Gibson Hacksaw Ridge
100%
Joseph Gordon Levit 2011 Christopher Nolan Inception
100%
Robert Downey Jr 2018 Russo Brothers Infinity War
100%
Brad Pitt 2009 Quentin Tarantino Inglorious Bastards
100%
Matthew McConaughey 2014 Christopher Nolan Interstellar
100%
Gal Gadot 2021 Zack Snyder Justice League
100%
Uma Thurman 2003 Quentin Tarantino Kill Bill 1
100%
Jake Gyllenghaal 2014 Dan Gilroy Nightcrawler
100%
Margot Robbie 2019 Quentin Tarantino Once upon a time in Hollywood
100%
Jhon Travolta 1994 Quentin Tarantino Pulp Fiction
100%
Brie Larson 2015 Lenny Abrahamson Room
100%
Al Pacino 1983 Brian De Palma Scar face
100%
Robert Pattinson 2019 Christopher Nolan Tenet
100%
Arnold Schwarzenegger 1984 James Cameron Terminator
100%
Ashton Kutcher 2004 Eric Bress & J. Mackye Gruber The butterfly effect
100%
Keanu Reeves 1999 Wachowski Brothers The Matrix
100%
Kate Winslet 1997 James Cameron Titanic
100%
Adam Sandler 2019 Josh/Benny Safdie Uncut Gems
100%
Milles Teller 2014 Damien Chazelle Whiplash
100%
Drew Barrymore 2004 Peter Segal 50 first dates
67%
Michael J Fox 1985 Robert Zemeckis Back to the Future
67%
Toby Maguire 2009 Jim Sheridan Brothers
67%
Winona Rider 1990 Tim Burton Edward Scissor Hands
67%
Christian Bale 2019 James Mangold Ford V Ferrari
67%
Tom Hanks 1994 Robert Zemeckis Forrest Gump
67%
Russel Crowe 2000 Ridley Scott Gladiator
67%
Robin Williams 2002 Christopher Nolan Insomnia
67%
Justin Timberlake 2011 Andrew Niccol In time
67%
Donnie Yen 2008 Wilson Yip Ip man
67%
Cuba Gooding Jr 1996 Cameron Crowe Jerry Maguire
67%
Taika Waititi 2019 Taika Waititi Jojo Rabbit
67%
Joaquin Phoenix 2019 Todd Phillips Joker
67%
Saoirse Ronan 2017 Greta Gerwig Lady Bird
67%
Emma Stone 2016 Damien Chazelle La La Land
67%
Jean Reno 1994 Luc Besson Leon the Professional
67%
Roberto Benigni 1997 Roberto Benigni Life is beautiful
67%
Saoirse Ronan 2019 Greta Gerwin Little Women
67%
Lily Collins 2014 Christian Ditter Love Rosie
67%
Scarlett Johansson 2019 Noah Baumbach Marriage Story
67%
Nicole Kidman 2001 Baz Luhrmann Moulin Rouge
67%
Rami Malek 2017 Michael Noer Papillon
67%
Orlando Bloom 2003 Gore Verbinski Pirates of the Caribbean
67%
Jhonny Deep 2009 Michael Mann Public Enemies
67%
Michael Cera 2010 Edgar Wright Scott Pilgrim
67%
Morgan Freeman 1995 David Fincher Seven
67%
Anya Taylor-Joy 2016 M. Night Shyamalan Split
67%
Jack Nicholson 2006 Martin Scorsese The departed
67%
Tom Holland 2020 Antonio Campos The Devil all the Time
67%
Charlie Hunnam 2019 Guy Ritchie The Gentlemen
67%
Marlon Brando 1972 Francis Ford Coppola The Godfather
67%
Zac Efron 2017 Michael Gracey The Greatest Showman
67%
Cameron Diaz 1994 Chuck Russell The mask
67%
Adrien Brody 2002 Roman Polanski The pianist
67%
Michael Caine 2006 Christopher Nolan The prestige
67%
Jesse Eisenberg 2010 David Fincher The social network
67%
Jim Carrey 1998 Peter Weir The Truman Show
67%
Kevin Costner 1987 Brian De Palma The Untouchables
67%
Brendan Fraser 2022 Darren Aronofsky The whale
67%
Andrew Garfield 2021 Lin-Manuel Miranda Tik Tik Boom
67%
Mark Ruffalo 2007 David Fincher Zodiac
67%
Bruce Willis 1995 Terry Gilliam 12 Monkeys
33%
Cillian Murphy 2002 Danny Boyle 28 days later
33%
Domnhnall Gleeson 2013 Richard Curtis About time
33%
Natalie Portman 2018 Alex Garland Annihilation
33%
Hayden Christensen 2007 Joby Harold Awake
33%
Natalie Portman 2010 Darren Aronofsky Black Swan
33%
Leonardo DiCaprio 2006 Edward Zwick Blood Diamond
33%
Sean Penn 1993 Brian De Palma Carlitos Way
33%
Dane DeeHaan 2012 Josh Trank Chronicle
33%
Sarah Michelle Gellar 1999 Roger Kumble Cruel Intentions
33%
Timothee Chalamet 2024 Denis Villeneuve Dune: Part 2
33%
Fionn Withehead 2017 Christopher Nolan Dunkirk
33%
Michelle Yeoh 2022 Daniel Kwan & Daniel Scheinert Everything Everywhere all at Once
33%
Brad Pitt 2025 Joseph Kosinski F1
33%
Mark Wahlberg 2005 John Singleton Four Brothers
33%
Sam Worthington 2019 Brad Anderson Fractured
33%
Anya Taylor Joy 2024 George Miller Furiosa
33%
Daniel Kaluuya 2017 Jordan Peele Get out
33%
Ryunosuke Kamiki 2023 Takashi Yamazaki Godzilla Minus One
33%
Ben Afleck 2014 David Fincher Gone Girl
33%
Elijah Wood 2005 Lexi Alexander Green Street
33%
Kate Hudson 2003 Donal Petrie How to loose a guy in 10 days
33%
Pam Grier 1997 Quentin Tarantino Jackie Brown
33%
Elliot Page 2007 Jason Reitman Juno
33%
Bradley Cooper 2011 Neil Burger Limitless
33%
Meryl Streep 2008 Phyllida Lloyd Mamma Mia
33%
Owen Wilson 2008 David Frankel Marley and Me
33%
Sunny Suljic 2018 Jonah Hill Mid90s
33%
John Goodman 2001 Pete Docter, David Silverman, and Lee Unkrich Monsters Inc
33%
Jared Leto 2009 Jaco Van Dormael Mr Nobody
33%
Josh Brolin 2007 Joel Coen & Ethan Coen No country for old men
33%
George Clooney 2001 Steven Soderbergh Oceans 11
33%
Cillian Murphy 2023 Christopher Nolan Oppenheimer
33%
Amber Midthunder 2022 Dan Trachtenberg Prey
33%
Hugh Jackman 2013 Denis Villeneuve Prisoners
33%
Jonny Weston 2015 Dean Israelite Project Almanac
33%
Hugh Jackman 2011 Simon West Reel Steel
33%
Tim Roth 1992 Quentin Tarantino Reservoir Dogs
33%
Simon Pegg 2004 Edgar Wright Shaun of the dead
33%
Leonardo Dicaprio 2010 Martin Scorsese Shutter Island
33%
Jennifer Lawrence 2012 David O Rusell Silver Linings Playbook
33%
Jason Statham 2000 Guy Ritchie Snatch
33%
Rachel McAdams 2015 Antoine Fuqua Southpaw
33%
Emile Hirsch 2008 The Wachowski Brothers Speed Racer
33%
Samuel L Jackson 2004 Brad Bird The Incredibles
33%
Jeremy Allen White 2024 Sean Durkin The iron claw
33%
Christian Bale 2004 Brad Anderson The machinist
33%
Christian Bale 2022 Scott Cooper The pale blue eye
33%
Logan Lerman 2012 Stephen Chbosky The perks of being a Wallflower
33%
Jack Nicholson 1980 Stanley Kubrick The shining
33%
Leonardo Dicaprio 2013 Martin Scorsese The wolf of wall street
33%
Tom Cruise 2022 Joseph Kosinski Top gun Maverick
33%
Tom Hanks 1995 Jhon Lasseter Toy Story
33%
Tim Allen 2010 Lee Unkrich Toy story 3
33%
Ed Asnar 2009 Pete Docter and Bob Peterson Up
33%
Ben Burtt 2008 Andrew Stanton WALL-E
33%
James McAvoy 2008 Timur Bekmambetov Wanted
33%
Jonah Hill 2016 Todd Phillips War dogs
33%
Josh Hartnett 2004 Paul McGuigan Wicker Park
33%
Amy Adams 2016 Denis Villeneuve Arrival
0%
Ethank Hawke 1995 Richard Linklater Before Sunrise
0%
Julie Delpy 2004 Richard Linklater Before Sunset
0%
Michael Keaton 2014 Alejandro G. Iñárritu Birdman
0%
Aaron Taylor-Johnson 2022 David Leitch Bullet Train
0%
Luis Tosar 2009 Daniel Monzon Cell 211
0%
Lizzy Caplan 2008 Matt Reeves Cloverfield
0%
Emily Baldoni 2013 James Ward Byrkit Coherence
0%
Steve Carrel 2011 Glenn Ficarra & John Requa Crazy Stupid Love
0%
Kurt Russel 2007 Quentin Tarantino Death Proof
0%
Sharlto Copley 2009 Neil Blomkamp District 9
0%
Jennifer Lawrence 2021 Adam McKay Don't loopk up
0%
Ryan Gosling 2011 Nicolas Winding Refn Drive
0%
Tom Cruise 2014 Doug Liman Edge of tomorrow
0%
Anthony LaPaglia 1995 Allan Moyle Empire Records
0%
Kanh Ha-eul 2017 Jang Han-jun Forgotten
0%
Casey Affleck 2007 Ben Affleck Gone Baby Gone
0%
Nick Frost 2007 Edgar Wright Hot fuzz
0%
Gerard Butler 2010 Dean DeBlois and Chris Sanders How to train your dragon
0%
Boyd Holbrook 2019 Jim Mickle In the shadow of the moon
0%
Nick Moran 1998 Guy Ritchie Lock Stock and Two Smoking Barrels
0%
Charlize Theron 2015 George Miller Mad Max: Fury Road
0%
Song Kang-ho 2003 Bong Joon-ho Memories of murder
0%
Mahershala Ali 2016 Barry Jenkins Moonlight
0%
Kaitlyn Dever 2023 Brian Duffield No one will save you
0%
Anne Hathaway 2011 Lone Scherfig One day
0%
Song Kang-ho 2019 Bong Joon-ho Parasite
0%
Richard Gere 1996 Gregory Hoblit Primal Fear
0%
Antonio Banderas 2022 Joel Crawford Puss in boots: The last wish
0%
Jennifer Connelly 2000 Darren Aronofsky Requiem for a dream
0%
James Franco 2011 Rupert Wyatt Rise of the planet of the apes
0%
Dany Glover 2004 James Wan Saw
0%
Michael Cera 2007 Gregg Mottola Superbad
0%
Ed Helms 2009 Todd Phillips The hangover
0%
Ryan Gosling 2016 Shane Black The nice guys
0%
Tim Robbins 1994 Frank Darabont The Shawshank Redemption
0%
Bruce Willis 1999 M. Night Shyamalan The sixth sense
0%
Gong Yoo 2016 Yeon Sang-ho Train to Busan
0%
Melissa George 2009 Christopher Smith Triangle
0%
Ben Stiller 2008 Ben Stiller Tropic thunder
0%
Adam Devine 2018 Ari Sandel When we first met
0%
Ryunosuke Kamiki 2016 Makoto Shinkai Your name
0%
No matching quizzes found
Score Distribution
Percent of People with Each Score
Percentile by Number Answered
Your Score History
You have not taken this quiz since the last reset